| 000 | 00590nam a2200193 a 4500 | ||
|---|---|---|---|
| 005 | 20210223123256.0 | ||
| 008 | 991125s1972 par 000 0 fre u | ||
| 035 | _aUPN01000050419 | ||
| 049 | _aCG | ||
| 050 | 4 |
_aB828.2 _bL3.74 |
|
| 100 | 1 | _aLapp, John C. | |
| 245 | 1 | 4 |
_aLes racines du naturalisme : _bZola avant les Rougon-Macquart / _cJohn C. Lapp ; tr. de l'américain par Danielle Lapp. |
| 260 |
_aParís : _bBordas, _c1972. |
||
| 300 | _a157 p. | ||
| 440 | 0 |
_aEtudes-Serie bleue ; _v550 |
|
| 600 | 1 | 4 |
_aZOLA, EMILE, _d1840-1902 _932587 |
| 650 | 4 |
_aNATURALISMO _94993 |
|
| 905 | _aLibro | ||
| 999 |
_c50419 _d50419 |
||